Normal view
MARC view
- Grant, Peter M
Entry Corporate Name
001 - CONTROL NUMBER
- control field: 111696
003 - CONTROL NUMBER IDENTIFIER
- control field: NUST
005 - DATE AND TIME OF LATEST TRANSACTION
- control field: 20230404105831.0
008 - FIXED-LENGTH DATA ELEMENTS
- fixed length control field: 230404|| aca||aabn | a|a d
040 ## - CATALOGING SOURCE
- Original cataloging agency: NUST
- Transcribing agency: NUST
110 ## - HEADING--CORPORATE NAME
- Corporate name or jurisdiction name as entry element: Grant, Peter M
670 ## - SOURCE DATA FOUND
- Source citation: Work cat.: (NUST): Glover, Ian A 111695, Digital Communications, 2013.
